[Event "Asia zt 3.2"]
[Site "Dhaka"]
[Date "2019.03.17"]
[Round "3"]
[White "Swarnavo, Choudhury"]
[Black "Md, Nasim Hossain Bhuiy"]
[Result "1-0"]
[WhiteElo "1721"]
[BlackElo "1948"]
[PlyCount "175"]
[EventDate "2019.03.15"]
[EventType "swiss"]
[EventRounds "9"]
[EventCountry "BAN"]
[SourceTitle "CBM 189 Extra"]
[Source "ChessBase"]
[SourceDate "2019.05.31"]
[SourceVersion "1"]
[SourceVersionDate "2019.05.31"]
[SourceQuality "1"]

1. d4 g6 2. Bf4 Bg7 3. Nf3 Nf6 4. e3 0-0 5. Bd3 d6 6. c3 Nbd7 7. Nbd2 c6 8. 0-0 Re8 9. e4 e5 10. Bg5 Nf8 11. Re1 Qc7 12. h3 b6 13. Bh4 h6 14. Bg3 Nh5 15. Bh2 Ne6 16. Nb3 a5 17. a4 Nef4 18. Bf1 Ba6 19. c4 Rad8 20. Rc1 c5 21. g4 Nf6 22. d5 g5 23. Nbd2 Bc8 24. b3 Bd7 25. Rc3 Bc8 26. Rc1 Nh7 27. Kh1 f6 28. Rc3 Qf7 29. Ng1 Nf8 30. Rg3 N8g6 31. Nb1 Bf8 32. Rge3 Qd7 33. Nc3 Re7 34. Nce2 Rh7 35. Ng3 Qf7 36. Rc3 Nh4 37. Rce3 h5 38. f3 hxg4 39. fxg4 Be7 40. Qd2 Kg7 41. Qb2 Rdh8 42. Rd1 Nhg6 43. Rd2 Kg8 44. Rf2 Rh4 45. Rd2 Bd8 46. Rf2 Kf8 47. Rd2 Ne7 48. Rc3 Ng8 49. Rf2 R4h7 50. Rd2 Qg6 51. Rf2 Nh6 52. Rd2 Bd7 53. Rdc2 Bxg4 54. hxg4 Nxg4 55. Nf3 Nh6 56. Kg1 Nh5 57. Nxh5 Qxh5 58. Rg2 Qg6 59. Qf2 Nf7 60. Nd2 Rh4 61. Be2 Qh6 62. Bg4 Qg7 63. Nf3 R4h7 64. Be6 Ke7 65. Bxf7 Qxf7 66. Nd2 Qh5 67. Rf3 Ke8 68. Qg3 Qg6 69. Qg4 Qf7 70. Qc8 Qe7 71. Qf5 Rh4 72. Nf1 Qd7 73. Qg6+ Qf7 74. Qf5 Qd7 75. Ng3 Rf4 76. Rxf4 exf4 77. Qg6+ Qf7 78. Qxf7+ Kxf7 79. Nf5 Be7 80. Bxf4 Rd8 81. Nxe7 Kxe7 82. Bg3 Rh8 83. Rh2 Re8 84. Kf2 Kf7 85. Kf3 Kg6 86. Bxd6 f5 87. e5 f4 88. Kg4 1-0

[Event "Dhaka Walton op 07"]
[Site "Dhaka"]
[Date "2018.07.07"]
[Round "4"]
[White "Md, Nasim Hossain Bhuiy"]
[Black "Shafiqul, Islam1"]
[Result "1-0"]
[WhiteElo "2035"]
[BlackElo "1902"]
[PlyCount "63"]
[EventDate "2018.07.04"]
[EventType "swiss"]
[EventRounds "9"]
[EventCountry "BAN"]
[SourceTitle "EXT 2019"]
[Source "ChessBase"]
[SourceDate "2018.10.10"]
[SourceVersion "1"]
[SourceVersionDate "2018.10.10"]
[SourceQuality "1"]

1. e4 e5 2. Nf3 d6 3. d4 Nf6 4. dxe5 Nxe4 5. Bc4 c6 6. 0-0 d5 7. Bb3 Be7 8. c4 Be6 9. cxd5 cxd5 10. Ba4+ Nc6 11. Nd4 Rc8 12. Be3 0-0 13. Nxc6 bxc6 14. Nd2 Nxd2 15. Qxd2 c5 16. f4 d4 17. Bf2 Qc7 18. Bc2 g6 19. Bg3 Qd7 20. Be4 c4 21. Rad1 Rfd8 22. h3 d3 23. Bf2 Bc5 24. f5 gxf5 25. Qg5+ Kf8 26. Bxf5 Bxf5 27. Bxc5+ Rxc5 28. Rxf5 Qd4+ 29. Kh1 d2 30. Qh6+ Ke8 31. Qxh7 Qd5 32. Rxd2 1-0

[Event "Dhaka Walton op"]
[Site "Dhaka"]
[Date "2018.05.31"]
[Round "6"]
[White "Md, Nasim Hossain Bhuiy"]
[Black "Uddin, Saif"]
[Result "1-0"]
[WhiteElo "1997"]
[BlackElo "2070"]
[PlyCount "33"]
[EventDate "2018.05.26"]
[EventType "swiss"]
[EventRounds "9"]
[EventCountry "BAN"]
[SourceTitle "CBM 184 Extra"]
[Source "ChessBase"]
[SourceDate "2018.06.28"]
[SourceVersion "1"]
[SourceVersionDate "2018.06.28"]
[SourceQuality "1"]

1. e4 d5 2. exd5 Nf6 3. d4 Nxd5 4. c4 Nb6 5. Nc3 g6 6. c5 Nd5 7. Bc4 Nxc3 8. bxc3 Bg7 9. Nf3 0-0 10. 0-0 Nd7 11. Bg5 h6 12. Bh4 b6 13. Re1 g5 14. c6 Nb8 15. Bxg5 hxg5 16. Nxg5 Bf5 17. Qh5 1-0

[Event "BAN-chT2"]
[Site "Dhaka"]
[Date "2017.10.23"]
[Round "2.4"]
[White "Md, Nasim Hossain Bhuiy"]
[Black "Subrota, Biswas"]
[Result "1-0"]
[WhiteElo "1944"]
[BlackElo "2176"]
[PlyCount "111"]
[EventDate "2017.10.22"]
[EventType "team-swiss"]
[EventRounds "7"]
[EventCountry "BAN"]
[SourceTitle "CBM 181 Extra"]
[Source "ChessBase"]
[SourceDate "2017.12.12"]
[SourceVersion "1"]
[SourceVersionDate "2017.12.12"]
[SourceQuality "1"]
[WhiteTeam "Legend Faraz Ayiaz"]
[BlackTeam "New Nation Fenchuganj"]
[WhiteTeamCountry "BAN"]
[BlackTeamCountry "BAN"]

1. d4 Nf6 2. Nf3 c5 3. c3 e6 4. e3 Be7 5. Be2 0-0 6. 0-0 d5 7. b3 Nc6 8. Bb2 cxd4 9. cxd4 Ne4 10. Nc3 f5 11. Ne5 Nxe5 12. dxe5 a6 13. f4 Nc5 14. Kh1 b5 15. Bf3 Bb7 16. Ne2 b4 17. Nd4 Kh8 18. Rf2 a5 19. Rc2 Qb6 20. Ne2 a4 21. bxa4 Nxa4 22. Bd4 Qb5 23. Rac1 Rfc8 24. Rc7 Bd8 25. Rxc8 Rxc8 26. Rxc8 Bxc8 27. Qc2 Bd7 28. Ng3 Qc4 29. Bd1 Ba5 30. h4 Nc3 31. Bxc3 Qxc3 32. Qe2 Qc4 33. Bb3 Qxe2 34. Nxe2 Bb6 35. Nd4 Kg8 36. Kg1 Kf7 37. Kf2 h6 38. Kf3 Kg6 39. g4 fxg4+ 40. Kxg4 h5+ 41. Kf3 Bxd4 42. exd4 Bb5 43. Bc2+ Kf7 44. f5 exf5 45. Bxf5 Bc4 46. Bb1 Ke7 47. Kf4 Be2 48. Kg5 Bf3 49. Bg6 Be2 50. Bc2 Kf7 51. Bb3 Bf3 52. Bc2 Be2 53. Bb3 Bf3 54. Kf4 Be4 55. Bd1 g6 56. Bf3 1-0

[Event "Dhaka Powertec op-B"]
[Site "Dhaka"]
[Date "2017.07.18"]
[Round "4"]
[White "Md Imamul, Haque"]
[Black "Md, Nasim Hossain Bhuiy"]
[Result "1-0"]
[WhiteElo "1810"]
[BlackElo "1975"]
[PlyCount "93"]
[EventDate "2017.07.15"]
[EventType "swiss"]
[EventRounds "9"]
[EventCountry "BAN"]
[SourceTitle "EXT 2018"]
[Source "ChessBase"]
[SourceDate "2017.10.13"]
[SourceVersion "1"]
[SourceVersionDate "2017.10.13"]
[SourceQuality "1"]

1. d4 d5 2. c4 e6 3. Nc3 Nf6 4. Nf3 Be7 5. cxd5 exd5 6. Bg5 c6 7. e3 0-0 8. Bd3 Nbd7 9. Qc2 h6 10. Bh4 b6 11. 0-0 Bb7 12. Rab1 Rc8 13. b4 b5 14. Bf5 Ra8 15. a4 bxa4 16. Nxa4 Ba6 17. Rfc1 Bb5 18. Nc5 Nxc5 19. bxc5 a6 20. Ne5 Qc7 21. Kh1 g6 22. Bxg6 Kg7 23. Bxf7 Ne4 24. Bg3 Rxf7 25. Nxf7 Nxg3+ 26. fxg3 Kxf7 27. Qh7+ Ke8 28. Rf1 Bxf1 29. Rxf1 Kd7 30. Qf5+ Kd8 31. Qe6 Qd7 32. Qg8+ Qe8 33. Qe6 Ra7 34. Rf7 Bxc5 35. Qf6+ Be7 36. Qe6 a5 37. Rg7 a4 38. Rg8 Bf8 39. Qf6+ Kc7 40. Rxf8 Qxe3 41. Qd8+ Kb7 42. Rf7+ Ka6 43. Qc8+ Kb5 44. Rf1 Qxd4 45. Rb1+ Kc5 46. Qf8+ Kc4 47. Qb4+ 1-0

[Event "Dhaka SGS op"]
[Site "Dhaka"]
[Date "2017.06.07"]
[Round "5"]
[White "Md, Nasim Hossain Bhuiy"]
[Black "Ahmed, Sk Nasir"]
[Result "0-1"]
[WhiteElo "2007"]
[BlackElo "2234"]
[PlyCount "76"]
[EventDate "2017.06.03"]
[EventType "swiss"]
[EventRounds "9"]
[EventCountry "BAN"]
[SourceTitle "EXT 2019"]
[Source "ChessBase"]
[SourceDate "2018.10.10"]
[SourceVersion "1"]
[SourceVersionDate "2018.10.10"]
[SourceQuality "1"]

1. d4 Nf6 2. c4 e6 3. Nc3 Bb4 4. Qc2 0-0 5. Nf3 d6 6. Bg5 Nbd7 7. e3 Qe7 8. Bd3 h6 9. h4 e5 10. dxe5 dxe5 11. Bh7+ Kh8 12. Bf5 e4 13. Nd2 Qe5 14. Bxd7 Bxd7 15. Bf4 Qa5 16. Nb3 Bxc3+ 17. bxc3 Qb6 18. c5 Qc6 19. Be5 Rfe8 20. Bd4 Ng4 21. Nd2 Bf5 22. Qb3 Ne5 23. 0-0 Kg8 24. f3 exf3 25. Nxf3 Ng4 26. Ne5 Rxe5 27. Bxe5 Be6 28. Qb4 Nxe5 29. Qd4 Nd7 30. Rf3 Qxc5 31. Qf4 Qxc3 32. Rd1 Qe5 33. Qb4 Nc5 34. Rd4 b6 35. Qc3 Re8 36. e4 Nxe4 37. Qe3 Bd5 38. Rd1 Nf6 0-1

[Event "BAN-chB 42nd"]
[Site "Dhaka"]
[Date "2016.10.21"]
[Round "2"]
[White "Md, Nasim Hossain Bhuiy"]
[Black "Ahmed, Shafiq"]
[Result "0-1"]
[WhiteElo "1942"]
[BlackElo "2124"]
[PlyCount "57"]
[EventDate "2016.10.20"]
[EventType "swiss"]
[EventRounds "11"]
[EventCountry "BAN"]
[SourceTitle "CBM 175 Extra"]
[Source "ChessBase"]
[SourceDate "2016.12.12"]
[SourceVersion "1"]
[SourceVersionDate "2016.12.12"]
[SourceQuality "1"]

1. e4 c5 2. Nf3 e6 3. d4 cxd4 4. Nxd4 a6 5. Nc3 Qc7 6. a3 Nf6 7. g3 Nc6 8. Bg2 Nxd4 9. Qxd4 Bc5 10. Qd3 Ng4 11. 0-0 h5 12. Qe2 Ne5 13. Bf4 h4 14. Rad1 b5 15. b4 Ba7 16. Nd5 Qb8 17. Ne3 hxg3 18. Bxg3 d6 19. c4 Bxe3 20. Bxe5 dxe5 21. fxe3 bxc4 22. Qxc4 Qb6 23. Qc3 f6 24. Rd3 Ke7 25. Qd2 Ra7 26. Rd6 Qb7 27. h3 Rh5 28. Kf2 Rg5 29. Bf3 0-1